Vízia európskej kvality a jej trendy snaha zladiť rozpory, ktoré existujú v 32 krajinách EOQ

Stručný výťah z projektu Vízia kvality v Európe, ktorý je spoločným dielom Európskej organizácie pre kvalitu (EOQ) a fínskeho Strediska pre výnimočnosť. Kľúčové prvky navrhovanej európskej vízie kvality. Trendy európskej kvality.

Salvato in:
Dettagli Bibliografici
Autore principale: Bílý, Matej
Natura: Capitolo di libro
Lingua:slovacco
Soggetti:
Tags: Aggiungi Tag
Nessun Tag, puoi essere il primo ad aggiungerne!!

MARC

LEADER 00000naa a2200000 4500
001 r039937
005 20230824105959.0
041 0 |a slo 
044 |a SK 
245 1 0 |a Vízia európskej kvality a jej trendy  |b snaha zladiť rozpory, ktoré existujú v 32 krajinách EOQ  |c Matej Bílý 
520 |a Stručný výťah z projektu Vízia kvality v Európe, ktorý je spoločným dielom Európskej organizácie pre kvalitu (EOQ) a fínskeho Strediska pre výnimočnosť. Kľúčové prvky navrhovanej európskej vízie kvality. Trendy európskej kvality. 
610 2 0 |a kvalita 
610 2 0 |a kvalita výrobkov 
610 2 0 |a vízie 
610 2 0 |a konkurencia 
610 2 0 |a riadenie kvality 
610 2 0 |a EOQ 
610 2 0 |a Európa 
100 1 |a Bílý, Matej